00338nam a2200121Ia 4500008004100000082002000041100001600061245002000077260004000097300000900137630001800146650005200164211109s9999||||xx |||||||||||||| ||und|| a894.8124bBEN-K aBenjamin, B 0aKavithavicharam bNational Book StallaKottayamc1979 a112p xGeneral Stack aMalayalam LiteraturevMalayalam EssaysMalayalam